<?xml version="1.0" encoding="UTF-8"?>
<collection xmlns="http://www.loc.gov/MARC21/slim">
 <record>
  <leader>00575nab a2200145 i 4500</leader>
  <controlfield tag="001">delm45821</controlfield>
  <controlfield tag="005">20180927131909.0</controlfield>
  <controlfield tag="008">180927s1925    hu      o     0||   hun d</controlfield>
  <datafield tag="040" ind1=" " ind2=" ">
   <subfield code="a">SZTE Délmagyarország Archívum</subfield>
   <subfield code="b">hun</subfield>
  </datafield>
  <datafield tag="041" ind1=" " ind2=" ">
   <subfield code="a">hun</subfield>
  </datafield>
  <datafield tag="245" ind1="0" ind2="0">
   <subfield code="a">30-60 ezer koronás &quot;karácsonyi segélyt&quot; adott a polgármester a munkanélkülieknek </subfield>
   <subfield code="h">[elektronikus dokumentum] :</subfield>
   <subfield code="b">nyilatkozatok, ígéretek és a valóság : nagy nyomozás, nagy apparátus és 30 000 korona</subfield>
  </datafield>
  <datafield tag="260" ind1=" " ind2=" ">
   <subfield code="c">1925-12-30</subfield>
  </datafield>
  <datafield tag="300" ind1=" " ind2=" ">
   <subfield code="a">3</subfield>
  </datafield>
  <datafield tag="490" ind1="0" ind2=" ">
   <subfield code="a">Délmagyarország</subfield>
   <subfield code="v">1 No. 179</subfield>
  </datafield>
  <datafield tag="695" ind1=" " ind2=" ">
   <subfield code="a">Munkanélküliek segély Szeged 1925</subfield>
  </datafield>
 </record>
</collection>
